Cinco minutos para desabrochar tu asombro /
Guardado en:
| Formato: | Libro |
|---|---|
| Publicado: |
Bahía Blanca :
Senda,
1989
|
| Materias: | |
| Etiquetas: |
Agregar Etiqueta
Sin Etiquetas, Sea el primero en etiquetar este registro!
|
| LEADER | 01038nam a22002055a 4500 | ||
|---|---|---|---|
| 001 | CEM.cems000266 | ||
| 005 | 20060209000000.0 | ||
| 008 | 130507s1989##################000#0#####d | ||
| 003 | CEMS | ||
| 020 | |a 9504325661 | ||
| 082 | 0 | 4 | |a A861.4 |
| 245 | 0 | 0 | |a Cinco minutos para desabrochar tu asombro / |c María de Lourdes Arceo ; ana María Bruzzone ; gloria Ducos ; félix Gayubo ; Horacio Héctor Goslino ; Adriana Ilincheta ; mirta Graciela Itchart ; marisa Luque ; cora Mendoza ; noemi O'flaherty ; graciela Scoppa ; ilustraciones de María Elena Baccini ; mabel Lemonnier |
| 260 | |a Bahía Blanca : |b Senda, |c 1989 | ||
| 300 | |a 89 p. | ||
| 500 | |a Los textos que se publican - cuentos, prosas poéticas, poemas - son producto del trabajo literario realizado en el Taller Expresión por la Palabra, de Bahía Blanca, coordinado por Josefa Zamudio de Predan. | ||
| 653 | |a Literatura | ||
| 653 | |a Literatura argentina | ||
| 653 | |a Poesía argentina-siglo 20 | ||
| 653 | |a Poesías | ||
| 859 | |a CEMS |b BIB. CEMS - 11 de abril |h A861.4 |i C49 |p 15481.89 |t Ej.1 | ||
